El Respeto de los derechos humanos en la propaganda comercial sociedad, publicidad, equilibrio

Saved in:
Bibliographic Details
Corporate Author: Costa Rica. Ministerio de Gobernación, Policía y Seguridad Pública
Format: Text
Published: San José: MGPSP
Subjects:
Tags: Add Tag
No Tags, Be the first to tag this record!

MARC

LEADER 00000 a a2200000 04500
001 26793
003
040
090 |a 149800  
110 |a Costa Rica. Ministerio de Gobernación, Policía y Seguridad Pública  
245 |a El Respeto de los derechos humanos en la propaganda comercial sociedad, publicidad, equilibrio  
260 |a San José:   |b MGPSP  
300 |a 104 p   |b il.  
650 |a PROPAGANDA  
650 |a PUBLICIDAD  
650 |a LEGISLACION  
999 |c 3819  |d 3819